Football: Top 10 de Ligue 1 de 1990 à 1999 - Statistiques

Statistiques générales
  • Ce quiz a été pris 342 fois
  • Le résultat moyen est 17 sur 22
Statistiques - réponses
Club % Correct
Olympique de Marseille
100%
Olympique lyonnais
99%
Paris Saint-Germain
98%
Girondins de Bordeaux
96%
AS Saint-Étienne
93%
FC Nantes
93%
Lille OSC
93%
RC Lens
91%
Stade rennais
91%
AS Monaco
89%
RC Strasbourg
87%
Montpellier HSC
85%
Toulouse FC
83%
AJ Auxerre
79%
FC Metz
75%
Brest Armorique FC
74%
FC Sochaux
64%
Le Havre AC
60%
SC Bastia
57%
SM Caen
55%
EA Guingamp
50%
AS Cannes
39%
Aucun quiz correspondant
Distribution des résultats
% des personnes avec chaque résultat
Percentile par nombre de réponses
Votre historique - résultats
Vous n’avez pas pris ce quiz